00620nam a2200181Ia 4500008004100000020001500041041001200056082001600068100001100084245006600095260004900161300000800210650000800218700001800226942000700244999001500251952017200266221030s9999 xx 000 0 und d a0852261500 aEnglish a105.23bDas aJ. Das 0aPrinciples of Digital Communicationcby J. Das, S. K. Mullick bNew Age International Pub.aNew Delhic2003 a645 aECE aS. K. Mullick cBK c2150d2150 pBE 7319g235.00l0o105.23 Dasr2024-06-13 00:00:00w2022-10-30yBK003Print4070aMIETLIBbMIETLIBcBL-Academic Block- A, FL-1, CUP-14, SH-2, R-2d2004-05-2210HBE